Costos II con aproximaciones a las NIC 02 y NIIF 08

Detalles Bibliográficos
Autor principal: Rincn̤ Soto, Carlos Augusto
Otros Autores: Villarreal Vs̀quez, Fernando
Formato: eBook
Lenguaje:español
Publicado: Bogot:̀ Ediciones de la U, 2014
Materias:
Acceso en línea:Acceso restringido

MARC

LEADER 00000nam a22000007a 4500
005 20181031120617.0
007 cr|||| ||||
008 181031s2014 co |||||s|||| 00||0 spa d
020 |a 978-958-762-204-1 
035 |a 22129 
040 |a vLex 
090 |c 8248  |d 8248 
100 1 |a Rincn̤ Soto, Carlos Augusto 
245 1 0 |a Costos II con aproximaciones a las NIC 02 y NIIF 08  |h [Recurso electrn̤ico] /  |c Carlos Augusto Rincn̤ Soto, Fernando Villarreal Vs̀quez 
256 |a Servicio en ln̕ea 
260 |a Bogot:̀  |b Ediciones de la U,  |c 2014 
300 |a 1 recurso electrn̤ico 
506 1 |a Disponible solo en los productos indicados  |d vLex Global  |d vLex Global (Academic Edition, excluding Law Schools)  |d vLex Global (U.S. Academic Edition, Law Schools)  |d vLex Global (U.S. Academic Edition, excluding Law Schools)  |d vLex Global (Academic Edition, Law Schools) 
650 0 4 |a Economa̕ y negocios  |z Colombia 
650 0 4 |a Banca y finanzas  |z Colombia 
700 1 |a Villarreal Vs̀quez, Fernando 
740 0 |a vLex Libros (Servicio en ln̕ea) 
856 4 0 |u http://vlex.com/source/costos-ii-con-aproximaciones-a-las-nic-02-y-niif-08-cuarto-elemento-del-costo-decreto-reglamentario-2650-de-1993-y-modulo-de-contabilidad-de-costos-con-normas-internacionales-22129  |z Acceso restringido 
942 |c BOOK 
999 0 |a Economy and business 
999 0 |a Banking and finance